000 00384nam a22001697a 4500
003 MPLRDC
005 20220104123818.0
008 210129b ||||| |||| 00| 0 eng d
082 _a419.8 BY
100 _a白依
245 _a护士手记
_c
250 _a初版
260 _a
_b大光出版社有限公司
_c1979
300 _b
650 _a护士
942 _cBK
_o419.8 BY
999 _c14390
_d14380